| 000 | 00954nam a2200241Ia 4500 | ||
|---|---|---|---|
| 003 | OSt | ||
| 005 | 20250505123340.0 | ||
| 008 | 191128s2018 ck er 000 f spa d | ||
| 020 | _a9789584275066 | ||
| 040 |
_aCO-JMCR _cCO-JMCR |
||
| 041 | _aspa | ||
| 082 | 0 | 4 |
_aA-N _bVILh |
| 100 | 1 |
_aVillamizar, Tania, _eautor _98292 |
|
| 245 | 1 | 0 |
_a48 horas para resolver mi muerte / _cTania Villamizar |
| 246 | _aCuarenta y ocho horas para resolver mi muerte | ||
| 260 |
_aBogotá : _bPlaneta, _c2018. |
||
| 300 |
_a310 páginas ; _c23 cm. |
||
| 520 | _aUna comunidad se ve estremecida por el misteriosos crimen de Cornac Caulfield, un joven repartidor de comida, sumido en una vida oscura y solitaria. Al mejor estilo de la novela negra clásica, esta historia narra las peripecias que los personajes. | ||
| 650 | 1 | 4 |
_aNovela colombiana. _98293 |
| 650 | 2 | 4 |
_aNovela policíaca. _9214 |
| 650 | 2 | 4 |
_aLiteratura colombiana. _ySiglo XXI _913941 |
| 942 |
_2ddc _cBK |
||
| 999 |
_c4345 _d4345 |
||